00496nam a2200169 a 4500008004100000020002200041100002400063245009100087260002600178300002900204650002600233650001300259700002700272003000100299005001700300040000900317  a0702144088 (pbk.) aHendricks, Alphonso aPhysics for engineers /cAlphonso Hendricks, Loganathan Subramony, Charmaine van Blerk aKenwyn :bJuta,c1999 a429 p. :cill. ;c25 cm. aVan Blerk, Charmaine. aPhysics. aSubramony, Loganathan.20230123133534.0 cNUST